Estadísticas para Mapa de Provincias de la República Dominicana

Haz click aquí para intentar la prueba.

Estadísticas generales

  • Esta prueba ha sido intentada 320 veces
  • La puntuación promedio es 21 de 32

Respuestas en el mapa

Las respuestas están codificadas por una escala verde-roja en el mapa de la prueba según el % correcto abajo.
 

Estadísticas de respuestas

Provincias% Correcto
Distrito Nacional*
96%
Santo Domingo
91%
Samaná
85%
Santiago
85%
Puerto Plata
77%
La Vega
76%
La Romana
75%
Azua
74%
La Altagracia
74%
San Juan
73%
Dajabón
71%
Monte Cristi
71%
Pedernales
69%
Hermanas Mirabal
68%
San Cristóbal
68%
Barahona
65%
Elías Piña
65%
Monte Plata
62%
San Pedro de Macorís
62%
Peravia
55%
Duarte
53%
Independencia
53%
El Seibo
52%
Espaillat
52%
María Trinidad Sánchez
52%
Hato Mayor
50%
Monseñor Nouel
49%
Santiago Rodríguez
49%
Valverde
49%
San José de Ocoa
48%
Baoruco
47%
Sánchez Ramírez
35%

Distribución de puntuación

Porcentaje por número respondido

Porcentaje de gente con cada puntuación

Historial de tus puntuaciones

No has intentado esta prueba.